[Event "36th Reykjavik op"]
[Site "Reykjavik ISL"]
[Date "2023.04.04"]
[Round "9.83"]
[White "Ricken, Katharina"]
[Black "Grigoriev, Dmitriy"]
[WhiteElo "2205"]
[BlackElo "1969"]
[Result "1/2-1/2"]
[EventDate "2023.03.29"]
[PlyCount "120"]

1. Nf3 e6 2. g3 b6 3. Bg2 Bb7 4. c4 c5 5. O-O d5 6. cxd5 Bxd5 7. Nc3 Bb7 8. d4 cxd4
9. Qxd4 Qxd4 10. Nxd4 Bxg2 11. Kxg2 a6 12. Be3 Nf6 13. Rfd1 Be7 14. Rac1 Nbd7 15.
f3 O-O 16. Nc6 Rfe8 17. Bf2 Bf8 18. b4 Rec8 19. Na4 b5 20. Nb2 Nd5 21. a3 f5 22.
e4 fxe4 23. fxe4 N5f6 24. Re1 Kf7 25. Nd3 h6 26. Rc2 Ke8 27. Kf3 Rc7 28. Rec1 Rac8
29. g4 Bd6 30. h4 h5 31. gxh5 Nxh5 32. Bd4 Nb8 33. Na7 Rxc2 34. Nxc8 Rxc1 35. Nxd6+
Kd7 36. Nxc1 Kxd6 37. Kg4 Nf6+ 38. Bxf6 gxf6 39. Nd3 Nc6 40. Kh5 Ke7 41. Kg6 f5 42.
exf5 exf5 43. Kxf5 a5 44. Kg6 axb4 45. axb4 Kf8 46. Kf6 Kg8 47. Kg6 Ne7+ 48. Kg5
Kh7 49. Nf4 Nc6 50. Nd5 Ne5 51. h5 Nf3+ 52. Kf4 Nd4 53. Kg4 Kh6 54. Ne7 Nc2 55. Nc6
Ne3+ 56. Kh4 Nf5+ 57. Kg4 Ne3+ 58. Kf4 Nd5+ 59. Ke5 Nxb4 60. Nxb4 Kxh5  1/2-1/2

[Event "36th Reykjavik op"]
[Site "Reykjavik ISL"]
[Date "2023.04.04"]
[Round "9.84"]
[White "Andriessen, Bart Jan"]
[Black "Bergsson, Stefan"]
[WhiteElo "1966"]
[BlackElo "2192"]
[Result "0-1"]
[EventDate "2023.03.29"]
[PlyCount "76"]

1. d4 Nf6 2. c4 g6 3. f3 Bg7 4. e4 d6 5. Nc3 O-O 6. Be3 c5 7. Nge2 Nc6 8. Qd2 cxd4
9. Nxd4 Nxd4 10. Bxd4 Be6 11. O-O-O a6 12. Kb1 b5 13. Nd5 Bxd5 14. cxd5 Nd7 15. Bxg7
Kxg7 16. h4 h6 17. h5 g5 18. f4 f6 19. g3 Qe8 20. Bh3 Nc5 21. Bf5 b4 22. Qd4 Kg8
23. Bg6 Qb5 24. e5 b3 25. a3 dxe5 26. fxe5 Nd7 27. Bd3 Qc5 28. Qe4 f5 29. Qe2 Kh8
30. Rhf1 Qxd5 31. Bc4 Qc6 32. Bxb3 Rab8 33. Rf3 Nc5 34. Bd5 Qa4 35. Rc1 Qd4 36. Ba2
Ne4 37. Rd1 Rxb2+ 38. Qxb2 Qxd1+  0-1

[Event "36th Reykjavik op"]
[Site "Reykjavik ISL"]
[Date "2023.04.04"]
[Round "9.86"]
[White "Kather, Yannick"]
[Black "Ragnarsson, Johann"]
[WhiteElo "2137"]
[BlackElo "1929"]
[Result "1-0"]
[EventDate "2023.03.29"]
[PlyCount "63"]

1. e4 c6 2. d4 d5 3. Nd2 dxe4 4. Nxe4 Bf5 5. Ng3 Bg6 6. h4 h6 7. Nf3 Nd7 8. h5 Bh7
9. Bd3 Bxd3 10. Qxd3 e6 11. Bd2 Ngf6 12. O-O-O Be7 13. Kb1 O-O 14. Ne4 Nxe4 15. Qxe4
Nf6 16. Qe2 Ng4 17. Ne5 Nxe5 18. dxe5 Qc7 19. g4 Rfd8 20. Rde1 Rd5 21. f4 Rad8 22.
Bc1 Qb6 23. g5 Ba3 24. gxh6 gxh6 25. f5 Rd2 26. Qg4+ Kf8 27. f6 Qb5 28. Rhg1 Ke8
29. Qg8+ Bf8 30. Rg7 R2d7 31. Qxf8+ Kxf8 32. Reg1  1-0

[Event "36th Reykjavik op"]
[Site "Reykjavik ISL"]
[Date "2023.04.04"]
[Round "9.87"]
[White "Jaksland, Tim"]
[Black "Hartmann, Wolfgang"]
[WhiteElo "2117"]
[BlackElo "1925"]
[Result "1/2-1/2"]
[EventDate "2023.03.29"]
[PlyCount "43"]

1. e4 c5 2. c3 Nf6 3. e5 Nd5 4. Nf3 Nc6 5. Bc4 Nb6 6. Bb3 d6 7. exd6 Qxd6 8. O-O
Be6 9. Bc2 Bg4 10. Re1 e6 11. a4 a6 12. d3 Be7 13. Nbd2 Qc7 14. Qe2 O-O 15. a5 Nd5
16. Nc4 Rad8 17. h3 Bh5 18. Ra4 Bf6 19. Bd2 Rfe8 20. Raa1 Rf8 21. Ra4 Rfe8 22. Raa1
 1/2-1/2

[Event "36th Reykjavik op"]
[Site "Reykjavik ISL"]
[Date "2023.04.04"]
[Round "9.88"]
[White "Haraldsson, Haraldur"]
[Black "Birkisson, Bjoern Holm"]
[WhiteElo "1882"]
[BlackElo "2110"]
[Result "1/2-1/2"]
[EventDate "2023.03.29"]
[PlyCount "52"]

1. e4 c5 2. Nf3 Nc6 3. d4 cxd4 4. Nxd4 e5 5. Nb5 d6 6. Be3 Nf6 7. Bg5 a6 8. Bxf6
gxf6 9. N5c3 f5 10. Bd3 Rg8 11. Nd5 Rxg2 12. Qh5 Be6 13. Nbc3 Nd4 14. Ne3 Rg5 15.
Qxh7 Nf3+ 16. Kd1 Qb6 17. Kc1 f4 18. Ned5 Bxd5 19. Nxd5 Qxf2 20. b3 Rg1+ 21. Rxg1
Qxg1+ 22. Kb2 Qd4+ 23. c3 Qxd3 24. Nf6+ Ke7 25. Nd5+ Ke8 26. Nf6+ Ke7  1/2-1/2

[Event "36th Reykjavik op"]
[Site "Reykjavik ISL"]
[Date "2023.04.04"]
[Round "9.89"]
[White "Johansson, Jukka"]
[Black "Dishman, Matthew"]
[WhiteElo "2106"]
[BlackElo "1896"]
[Result "1-0"]
[EventDate "2023.03.29"]
[PlyCount "141"]

1. d4 d5 2. c4 e6 3. Nf3 c6 4. e3 f5 5. Nc3 Nf6 6. Bd3 Bd6 7. O-O O-O 8. b3 Nbd7
9. cxd5 Nxd5 10. Bb2 N7f6 11. h3 b6 12. Rc1 Bb7 13. Qe2 Qe7 14. Rfd1 Rac8 15. Ne5
c5 16. Nc4 Bb8 17. dxc5 bxc5 18. g3 Ba8 19. Nd2 Nxc3 20. Bxc3 Qb7 21. e4 Nxe4 22.
Nxe4 fxe4 23. Ba6 Qc6 24. Bb5 Qb6 25. Rd7 Rc7 26. Rcd1 Bd5 27. Bxg7 Rxd7 28. Bxf8
Rf7 29. Bh6 Rf3 30. Qb2 Qc7 31. Bc4 e3 32. Bxe3 Rxg3+ 33. Kf1 Rg1+ 34. Ke2 Rxd1 35.
Kxd1 Bf3+ 36. Ke1 Qd6 37. Be2 Bd5 38. Qf6 Qe5 39. Qd8+ Kg7 40. Qe7+ Kg8 41. Qxc5
Bd6 42. Qd4 a5 43. Qg4+ Qg7 44. Bd2 Bc7 45. Bc4 Kf7 46. Qxg7+ Kxg7 47. Ke2 Kf6 48.
Bxd5 exd5 49. Kd3 Ke6 50. a3 h5 51. b4 a4 52. Be3 Be5 53. Bd4 Bf4 54. Bc5 Be5 55.
b5 Kd7 56. Ke3 Ke6 57. f3 Kd7 58. f4 Bf6 59. f5 Kc7 60. Kf4 Kb7 61. Ke3 Kc7 62. Bd4
Be7 63. Bb2 Kb6 64. f6 Bf8 65. Kd4 Kxb5 66. Kxd5 h4 67. f7 Bc5 68. Be5 Bxa3 69. Bd6
Bxd6 70. Kxd6 a3 71. f8=Q  1-0

[Event "36th Reykjavik op"]
[Site "Reykjavik ISL"]
[Date "2023.04.04"]
[Round "9.90"]
[White "Notkin, Akiva"]
[Black "Girardin, Yves"]
[WhiteElo "1846"]
[BlackElo "2104"]
[Result "0-1"]
[EventDate "2023.03.29"]
[PlyCount "52"]

1. c4 e5 2. g3 Nf6 3. Bg2 c6 4. d4 e4 5. d5 Bb4+ 6. Bd2 Qe7 7. Nc3 O-O 8. e3 cxd5
9. Nxd5 Nxd5 10. cxd5 Na6 11. Ne2 d6 12. Nc3 Bf5 13. a3 Bxc3 14. Bxc3 Rfe8 15. b4
f6 16. g4 Bg6 17. h4 Nc7 18. g5 fxg5 19. hxg5 Qxg5 20. Qd4 Re7 21. O-O-O Nb5 22.
Qc4 Nxc3 23. Qxc3 Qxg2 24. Rdg1 Qxf2 25. Rf1 Qe2 26. Rf4 Ree8  0-1

[Event "36th Reykjavik op"]
[Site "Reykjavik ISL"]
[Date "2023.04.04"]
[Round "9.91"]
[White "Vemparala, Nikash"]
[Black "Gregersen, Einar"]
[WhiteElo "2100"]
[BlackElo "1894"]
[Result "1-0"]
[EventDate "2023.03.29"]
[PlyCount "69"]

1. e4 c5 2. Nf3 d6 3. Bb5+ Nd7 4. O-O a6 5. Bd3 Ngf6 6. Re1 e6 7. c3 b5 8. Bc2 c4
9. d4 cxd3 10. Qxd3 Nc5 11. Qe2 Bb7 12. Nbd2 e5 13. b4 Ncd7 14. c4 bxc4 15. Nxc4
Nb6 16. Nxb6 Qxb6 17. Be3 Qb5 18. Bd3 Qd7 19. Red1 Be7 20. Bc2 Qb5 21. Bd3 Qd7 22.
Rac1 O-O 23. Bg5 h6 24. Bh4 Qd8 25. a4 a5 26. b5 Qb6 27. Nd2 d5 28. exd5 g5 29. Nc4
Qd8 30. Bg3 Bxd5 31. Nxe5 Qb6 32. Nd7 Nxd7 33. Qxe7 Be6 34. Rc6 Qd8 35. Rxe6  1-0

[Event "36th Reykjavik op"]
[Site "Reykjavik ISL"]
[Date "2023.04.04"]
[Round "9.92"]
[White "Thorsteinsson, Thorsteinn"]
[Black "Murphy, Hugh"]
[WhiteElo "1844"]
[BlackElo "2100"]
[Result "0-1"]
[EventDate "2023.03.29"]
[PlyCount "78"]

1. e4 c6 2. d4 d5 3. e5 Bf5 4. g4 Bd7 5. Be3 c5 6. dxc5 Qc7 7. f4 Na6 8. Bxa6 bxa6
9. h3 e6 10. Qd4 Ne7 11. Nf3 Nc6 12. Qc3 Be7 13. Nbd2 O-O 14. O-O Rab8 15. Nb3 Rfc8
16. Nfd4 Nxd4 17. Bxd4 a5 18. Nxa5 Bxc5 19. Nb3 Bxd4+ 20. Qxd4 a5 21. Rac1 Rb4 22.
Qf2 a4 23. c3 axb3 24. cxb4 Qxc1 25. axb3 Qc2 26. Qxc2 Rxc2 27. Rf2 Rxf2 28. Kxf2
d4 29. Kf3 Bc6+ 30. Ke2 Bb5+ 31. Kf3 Kf8 32. Ke4 d3 33. Ke3 Ke7 34. h4 Kd7 35. h5
Kc6 36. Kd2 Kd5 37. Ke3 g6 38. hxg6 hxg6 39. g5 Ba6  0-1

[Event "36th Reykjavik op"]
[Site "Reykjavik ISL"]
[Date "2023.04.04"]
[Round "9.93"]
[White "Southcott-Moyers, Indy"]
[Black "Rempe, Jonas"]
[WhiteElo "2094"]
[BlackElo "1887"]
[Result "1/2-1/2"]
[EventDate "2023.03.29"]
[PlyCount "57"]

1. d4 Nf6 2. c4 e6 3. Nf3 d5 4. Nc3 dxc4 5. e4 b5 6. e5 Nd5 7. Nxb5 Nb6 8. Be2 Be7
9. O-O Nc6 10. Be3 O-O 11. Rc1 Rb8 12. Nc3 Qd7 13. Qd2 Ba6 14. Ne4 Na4 15. Bxc4 Rxb2
16. Qd1 Bxc4 17. Rxc4 Nb6 18. Rc2 Rxc2 19. Qxc2 Nb4 20. Qb1 N6d5 21. Bg5 Rb8 22.
Bxe7 Qxe7 23. a3 Na6 24. Qd3 Rb6 25. Rc1 h6 26. h3 Qd7 27. Qc4 Qb5 28. Nfd2 Qxc4
29. Rxc4  1/2-1/2

[Event "36th Reykjavik op"]
[Site "Reykjavik ISL"]
[Date "2023.04.04"]
[Round "9.94"]
[White "Becker, Tobias"]
[Black "Miettinen, Teemu"]
[WhiteElo "2085"]
[BlackElo "1884"]
[Result "1-0"]
[EventDate "2023.03.29"]
[PlyCount "106"]

1. e4 e5 2. Nf3 Nc6 3. Bc4 Nf6 4. d3 Bc5 5. c3 d6 6. O-O a6 7. a4 h6 8. Re1 O-O 9.
h3 Ba7 10. Nbd2 Be6 11. Bxe6 fxe6 12. a5 Qe8 13. Nf1 Nh5 14. Be3 Nf4 15. Bxa7 Rxa7
16. Kh2 Qf7 17. b4 Raa8 18. Ra2 Rae8 19. Rd2 d5 20. Ng3 Qf6 21. d4 exd4 22. e5 Qg6
23. Nxd4 Nxd4 24. Rxd4 Rf7 25. Qg4 Qxg4 26. hxg4 Ng6 27. f3 Rc8 28. c4 Ne7 29. cxd5
Nxd5 30. Ne4 Rf4 31. Kg3 g5 32. Red1 Kf7 33. Nc5 Rxd4 34. Rxd4 Rb8 35. Kf2 Ke7 36.
Rc4 Kf7 37. g3 Ke7 38. f4 Rf8 39. Kf3 b5 40. Rd4 Ra8 41. f5 c6 42. Nxe6 Rc8 43. Nc5
Ra8 44. Ke4 Nc3+ 45. Kd3 Nd5 46. Rxd5 cxd5 47. Kd4 Rh8 48. Nxa6 h5 49. gxh5 Rxh5
50. Nc7 Rh3 51. Nxd5+ Kd8 52. e6 Rxg3 53. f6 Ke8  1-0

[Event "36th Reykjavik op"]
[Site "Reykjavik ISL"]
[Date "2023.04.04"]
[Round "9.95"]
[White "Karason, Askell Oern"]
[Black "Krassel, Timofei"]
[WhiteElo "2084"]
[BlackElo "1880"]
[Result "0-1"]
[EventDate "2023.03.29"]
[PlyCount "76"]

1. d4 Nf6 2. c4 e6 3. Nc3 Bb4 4. Nf3 b6 5. Bg5 h6 6. Bh4 g5 7. Bg3 Ne4 8. Qc2 Bb7
9. e3 Bxc3+ 10. bxc3 Nxg3 11. fxg3 g4 12. Nh4 Qg5 13. Qd2 Nc6 14. Bd3 O-O-O 15. O-O
f5 16. c5 Rhf8 17. a4 d6 18. d5 exd5 19. Rxf5 Rxf5 20. Bxf5+ Kb8 21. cxb6 axb6 22.
Rf1 Ne5 23. Rf4 Nc4 24. Qe2 Re8 25. e4 h5 26. Bd7 Rd8 27. Bb5 Ne5 28. a5 dxe4 29.
axb6 cxb6 30. Ba6 Nd3 31. Bxd3 Qc5+ 32. Kh1 exd3 33. Qxd3 Rc8 34. Rf6 d5 35. Ng6
d4 36. h4 gxh3 37. cxd4 hxg2+ 38. Kh2 Qc1  0-1

[Event "36th Reykjavik op"]
[Site "Reykjavik ISL"]
[Date "2023.04.04"]
[Round "9.96"]
[White "Lohia, Sohum"]
[Black "Cuvelier, Annelies"]
[WhiteElo "2081"]
[BlackElo "1875"]
[Result "1-0"]
[EventDate "2023.03.29"]
[PlyCount "69"]

1. e4 e5 2. Nf3 Nc6 3. Bb5 a6 4. Ba4 Nf6 5. O-O Be7 6. d3 b5 7. Bb3 d6 8. c3 O-O
9. Re1 Na5 10. Bc2 c5 11. Nbd2 Re8 12. Nf1 Nc6 13. Bg5 Ng4 14. Be3 h6 15. h3 Nf6
16. Ng3 d5 17. d4 exd4 18. cxd4 dxe4 19. Nxe4 c4 20. Ne5 Nb4 21. Nxf6+ Bxf6 22. Be4
Nd5 23. Nxf7 Nxe3 24. Rxe3 Kxf7 25. Bxa8 Bf5 26. Rxe8 Qxe8 27. Qf3 Bd3 28. Bd5+ Kg6
29. Qe3 Qe7 30. Re1 Qxe3 31. fxe3 Bh4 32. Rc1 Kf5 33. g4+ Kg6 34. Bb7 a5 35. Ba6
 1-0

[Event "36th Reykjavik op"]
[Site "Reykjavik ISL"]
[Date "2023.04.04"]
[Round "9.97"]
[White "Hayes, Peter"]
[Black "Arnalds, Stefan"]
[WhiteElo "2075"]
[BlackElo "1873"]
[Result "1-0"]
[EventDate "2023.03.29"]
[PlyCount "65"]

1. d4 Nf6 2. Nf3 e6 3. Bg5 Be7 4. c4 d5 5. Nc3 c6 6. e3 Nbd7 7. Qc2 O-O 8. Rd1 Re8
9. a3 a6 10. Bd3 dxc4 11. Bxc4 Nd5 12. Bxe7 Qxe7 13. O-O Nxc3 14. Qxc3 b5 15. Bd3
Bb7 16. b4 e5 17. Bb1 e4 18. Nd2 f5 19. Nb3 Kh8 20. Na5 Nf6 21. Qc5 Qf7 22. Rd2 Bc8
23. Nxc6 Qh5 24. Ba2 Be6 25. Bxe6 Rxe6 26. d5 Ng4 27. h3 Rg6 28. d6 Qg5 29. Ne7 Rf6
30. f4 Qh5 31. hxg4 Qxg4 32. d7 Rd8 33. Nc6  1-0

[Event "36th Reykjavik op"]
[Site "Reykjavik ISL"]
[Date "2023.04.04"]
[Round "9.98"]
[White "Heidarsson, Arnar Milutin"]
[Black "Dorweiler, Roger Paul"]
[WhiteElo "2075"]
[BlackElo "1843"]
[Result "1-0"]
[EventDate "2023.03.29"]
[PlyCount "77"]

1. e4 Nc6 2. Nf3 d5 3. exd5 Qxd5 4. Nc3 Qa5 5. Bb5 Bd7 6. O-O e6 7. d4 O-O-O 8. Be3
Bb4 9. Qd3 Nf6 10. Nd2 Bxc3 11. Nb3 Ne5 12. Nxa5 Nxd3 13. Bxd7+ Rxd7 14. bxc3 b6
15. Nc4 b5 16. cxd3 bxc4 17. dxc4 Ne4 18. Rfc1 Rhd8 19. c5 e5 20. c6 Rd6 21. dxe5
Rxc6 22. Bxa7 Nxc3 23. Kf1 Rd5 24. Rc2 Ra6 25. Be3 Rd3 26. Rac1 Nd5 27. Bc5 Re6 28.
Bd6 Kd8 29. Bxc7+ Nxc7 30. Rxc7 Rd1+ 31. Rxd1+ Kxc7 32. f4 f6 33. exf6 Rxf6 34. g3
Ra6 35. Rd2 g6 36. Kg2 Ra5 37. Kf3 h5 38. Ke4 Kc6 39. Kd4  1-0

[Event "36th Reykjavik op"]
[Site "Reykjavik ISL"]
[Date "2023.04.04"]
[Round "9.99"]
[White "Haugen, Lars Tormod"]
[Black "Jones, Craig"]
[WhiteElo "1837"]
[BlackElo "2075"]
[Result "1/2-1/2"]
[EventDate "2023.03.29"]
[PlyCount "90"]

1. c4 e5 2. Nc3 Nf6 3. g3 d5 4. cxd5 Nxd5 5. Bg2 Nb6 6. e3 Be7 7. Nge2 Nc6 8. O-O
Bg4 9. h3 Be6 10. f4 Qd7 11. fxe5 Bxh3 12. d4 Bxg2 13. Kxg2 O-O-O 14. Qc2 f6 15.
exf6 Bxf6 16. Qf5 Qxf5 17. Rxf5 Rhe8 18. b3 Nb4 19. Bd2 Nc2 20. Rh1 h6 21. Kf3 Bg5
22. Nf4 Rf8 23. Ra5 a6 24. Ke2 Rfe8 25. Kf3 Nb4 26. Ne4 Nc6 27. Nxg5 Nxa5 28. Nge6
Nc6 29. Nxd8 Rxd8 30. Rh5 Rf8 31. Ke2 Rf6 32. Nd3 Nd7 33. Rh1 Rg6 34. Be1 Kd8 35.
Rf1 Ne7 36. Nf4 Rc6 37. Nd3 Rc2+ 38. Bd2 Rxa2 39. Rf7 Nf6 40. Ne5 Nf5 41. Kd3 Nxg3
42. Bb4 c5 43. Bxc5 Nge4 44. Rf8+ Kc7 45. Rf7+ Kd8  1/2-1/2

[Event "36th Reykjavik op"]
[Site "Reykjavik ISL"]
[Date "2023.04.04"]
[Round "9.100"]
[White "Hardarson, Petur Palmi"]
[Black "Kjartansson, Dagur"]
[WhiteElo "2069"]
[BlackElo "1835"]
[Result "1-0"]
[EventDate "2023.03.29"]
[PlyCount "71"]

1. d4 Nf6 2. c4 e6 3. Nf3 Bb4+ 4. Nbd2 c5 5. e3 Nc6 6. a3 Qa5 7. Bd3 cxd4 8. exd4
Be7 9. O-O O-O 10. b4 Qc7 11. Bb2 b6 12. Rc1 Qd8 13. d5 exd5 14. cxd5 Nxd5 15. b5
Na5 16. Nd4 Nf4 17. Bb1 Ng6 18. Ne4 d5 19. Ng3 Nc4 20. Ba1 Bg5 21. Nc6 Qc7 22. Rc3
Be6 23. Nh5 Bh6 24. Rg3 Nd2 25. Bxg7 Nxf1 26. Bxh6 Nxg3 27. Nf6+ Kh8 28. hxg3 Ne7
29. Nxe7 Qe5 30. Qd3 Bf5 31. Nxf5 Qxf6 32. Bg7+ Qxg7 33. Nxg7 Kxg7 34. Qxh7+ Kf6
35. Qf5+ Kg7 36. Qg5+  1-0

[Event "36th Reykjavik op"]
[Site "Reykjavik ISL"]
[Date "2023.04.04"]
[Round "9.101"]
[White "Halldorsson, Bragi"]
[Black "Fresow, Boris"]
[WhiteElo "2067"]
[BlackElo "1804"]
[Result "1-0"]
[EventDate "2023.03.29"]
[PlyCount "57"]

1. d4 d5 2. c4 e6 3. Nc3 a6 4. e4 dxc4 5. Bxc4 b5 6. Bd3 Nf6 7. Bg5 Be7 8. Nf3 Bb7
9. Qe2 O-O 10. Rd1 Re8 11. O-O Nbd7 12. Rfe1 h6 13. Bf4 c5 14. e5 Nd5 15. Bc1 cxd4
16. Nxd4 Bc5 17. Nb3 Bb6 18. Qg4 Kh8 19. Qh5 Kg8 20. Bxh6 gxh6 21. Qxh6 f5 22. Bxf5
Qe7 23. Rd3 Qg7 24. Rg3 Bxf2+ 25. Kxf2 Qxg3+ 26. hxg3 exf5 27. Qg6+ Kf8 28. Nxd5
Bxd5 29. Qd6+  1-0

[Event "36th Reykjavik op"]
[Site "Reykjavik ISL"]
[Date "2023.04.04"]
[Round "9.102"]
[White "Markzon, Gregory"]
[Black "Hill, Andy"]
[WhiteElo "2059"]
[BlackElo "1802"]
[Result "1/2-1/2"]
[EventDate "2023.03.29"]
[PlyCount "100"]

1. d4 Nf6 2. c4 g6 3. Nc3 Bg7 4. e4 d6 5. Be2 O-O 6. Be3 Nbd7 7. g4 c5 8. d5 Qa5
9. f3 h5 10. h3 a6 11. Qd2 Rb8 12. a4 Nb6 13. Bd3 Qb4 14. Nd1 Qxd2+ 15. Kxd2 Na8
16. Ne2 Nc7 17. Ndc3 Bd7 18. e5 dxe5 19. Bxc5 Bh6+ 20. Kc2 Rfe8 21. Rag1 Bg7 22.
Ng3 hxg4 23. hxg4 b6 24. Be3 b5 25. axb5 axb5 26. g5 bxc4 27. Bxc4 Nh7 28. Rh4 Rec8
29. Rgh1 Nf8 30. b3 Nb5 31. Bxb5 Bxb5 32. Nge4 Be2 33. d6 Bxf3 34. dxe7 Bxe4+ 35.
Rxe4 Ne6 36. Kb2 Nc7 37. Rd1 f5 38. gxf6 Bxf6 39. Rc4 Kf7 40. Ne4 Ne8 41. Rxc8 Rxc8
42. Rd7 Rc6 43. Ng5+ Bxg5 44. Bxg5 Re6 45. Rd1 Nf6 46. b4 e4 47. Kc3 e3 48. Bxf6
Kxf6 49. Kd3 e2 50. Re1 Kxe7  1/2-1/2

[Event "36th Reykjavik op"]
[Site "Reykjavik ISL"]
[Date "2023.04.04"]
[Round "9.103"]
[White "Grose, Kameron"]
[Black "Bjorkman, Filip"]
[WhiteElo "1800"]
[BlackElo "2040"]
[Result "1/2-1/2"]
[EventDate "2023.03.29"]
[PlyCount "95"]

1. e4 c5 2. Nf3 Nc6 3. Nc3 g6 4. d4 cxd4 5. Nxd4 Bg7 6. Be3 Nf6 7. Bc4 O-O 8. Bb3
Ng4 9. Qxg4 Nxd4 10. Qd1 Nxb3 11. axb3 a6 12. O-O d6 13. Qd2 Bd7 14. Rad1 Bc6 15.
Bd4 Bxd4 16. Qxd4 Qc7 17. Rfe1 Rfe8 18. Rd2 Rac8 19. h3 Qa5 20. e5 Rcd8 21. e6 f6
22. Kh2 Qg5 23. f4 Qc5 24. Red1 Qxd4 25. Rxd4 f5 26. Ne2 Be4 27. R4d2 Rc8 28. Nd4
Kg7 29. g4 Rf8 30. g5 Rh8 31. Kg3 h6 32. h4 hxg5 33. fxg5 Rc5 34. c3 Re5 35. Re1
f4+ 36. Kxf4 Rxh4+ 37. Kg3 Rh5 38. Kf4 Rh4+ 39. Kg3 Rh8 40. Rde2 Rh1 41. Rxh1 Bxh1
42. Kf4 Rxe2 43. Nxe2 Bd5 44. Nd4 Kf8 45. c4 Bc6 46. b4 Ke8 47. b5 Bg2 48. b6  1/2-1/2

[Event "36th Reykjavik op"]
[Site "Reykjavik ISL"]
[Date "2023.04.04"]
[Round "9.104"]
[White "Kienitz, Andre"]
[Black "Attinger, Roman"]
[WhiteElo "2039"]
[BlackElo "1768"]
[Result "0-1"]
[EventDate "2023.03.29"]
[PlyCount "66"]

1. e4 c6 2. d4 d5 3. exd5 cxd5 4. Bd3 Nc6 5. c3 Nf6 6. h3 e5 7. dxe5 Nxe5 8. Nf3
Nxd3+ 9. Qxd3 Bd6 10. O-O O-O 11. Be3 a5 12. a4 b6 13. Re1 Bd7 14. Nbd2 Rc8 15. Nd4
Re8 16. N2f3 Ne4 17. Nb5 Nc5 18. Bxc5 Bxb5 19. Qxb5 Bxc5 20. Red1 Qd6 21. Rd2 Re4
22. Rad1 d4 23. Nxd4 Rce8 24. Nf3 Qf6 25. Ra1 Qf4 26. b3 h6 27. Qd3 R4e6 28. Rad1
Bd6 29. Qd4 Qf5 30. Qc4 Bc5 31. Qd3 Qf4 32. g3 Qxg3+ 33. Kh1 Qxh3+  0-1

[Event "36th Reykjavik op"]
[Site "Reykjavik ISL"]
[Date "2023.04.04"]
[Round "9.105"]
[White "Petursson, Gudni"]
[Black "Horan, George"]
[WhiteElo "2020"]
[BlackElo "1729"]
[Result "1-0"]
[EventDate "2023.03.29"]
[PlyCount "67"]

1. d4 Nf6 2. c4 e6 3. Nc3 Bb4 4. e3 O-O 5. Bd3 d5 6. Nge2 dxc4 7. Bxc4 c5 8. O-O
Bxc3 9. bxc3 Qc7 10. Bd3 Nc6 11. e4 cxd4 12. cxd4 Rd8 13. e5 Nd5 14. Bg5 Rd7 15.
Rc1 h6 16. Bh4 Ndb4 17. Bb1 Qa5 18. f4 b6 19. Be1 Ba6 20. Rxc6 Qb5 21. Bxb4 Qxc6
22. Bd6 f5 23. Rf3 Bb7 24. Nc3 Rc8 25. d5 exd5 26. Bxf5 d4 27. Qxd4 Rxd6 28. exd6
Re8 29. Rg3 g5 30. fxg5 h5 31. d7 Rd8 32. h4 b5 33. Kh2 Qc7 34. Be6+  1-0

[Event "36th Reykjavik op"]
[Site "Reykjavik ISL"]
[Date "2023.04.04"]
[Round "9.106"]
[White "Qiu, Peter Yong"]
[Black "Brunier, Jules"]
[WhiteElo "1729"]
[BlackElo "2015"]
[Result "0-1"]
[EventDate "2023.03.29"]
[PlyCount "48"]

1. e4 e6 2. Nc3 d5 3. Nf3 Nf6 4. e5 Nfd7 5. d4 c5 6. Bg5 (6. Bf4 f6 7. Nh4 Nxe5 8.
dxe5 fxe5 9. Qh5+ Kd7 10. O-O-O Kc7) 6... f6 7. Nh4 Nxe5 8. dxe5 fxg5 9. Qh5+ Kd7
10. O-O-O Kc7 11. Nf3 g6 12. Nb5+ Kb6 13. Qg4 a6 14. Na3 Be7 15. c4 Nc6 16. cxd5
exd5 17. Qa4 g4 18. Qb3+ Nb4 19. Nd2 Ka7 20. f4 gxf3 21. Nxf3 Bf5 22. h4 Qa5 23.
Rg1 c4 24. Bxc4 dxc4  0-1

[Event "36th Reykjavik op"]
[Site "Reykjavik ISL"]
[Date "2023.04.04"]
[Round "9.107"]
[White "Lien, Sebastian"]
[Black "Koh, Ming Yao Gavin"]
[WhiteElo "1618"]
[BlackElo "2012"]
[Result "1/2-1/2"]
[EventDate "2023.03.29"]
[PlyCount "115"]

1. d4 Nf6 2. Nf3 d5 3. c4 e6 4. Nc3 Bb4 5. Qa4+ Nc6 6. e3 O-O 7. a3 Bxc3+ 8. bxc3
Re8 9. cxd5 exd5 10. Bb5 Bd7 11. O-O a6 12. Bxc6 Bxc6 13. Qc2 Bd7 14. Ne5 Qc8 15.
c4 Bf5 16. Qb3 Be6 17. cxd5 Bxd5 18. Qd1 Nd7 19. Nd3 Nb6 20. f3 f5 21. Ne5 Nc4 22.
Re1 Nxe5 23. dxe5 Qe6 24. Bb2 Rad8 25. Qc2 Rd7 26. Rac1 Red8 27. Qe2 Bc6 28. Bc3
Qb3 29. Qc2 Qxc2 30. Rxc2 Kf7 31. Ree2 Ke6 32. Red2 Rd3 33. Rxd3 Rxd3 34. Kf2 Bb5
35. Bb4 Rd7 36. Rd2 Rxd2+ 37. Bxd2 Kxe5 38. Bc3+ Kd5 39. Bxg7 Kc4 40. h3 Kd3 41.
g4 Bd7 42. Bh6 c5 43. Ke1 c4 44. Kd1 b5 45. gxf5 Bxf5 46. h4 Bg6 47. e4 Bh5 48. e5
Bxf3+ 49. Kc1 Bd5 50. Bf8 Kc3 51. Bb4+ Kb3 52. Kd2 Ka4 53. Kc3 Be6 54. Bc5 Ka5 55.
Bd4 h5 56. Bc5 Ka4 57. Bd6 a5 58. Bc5  1/2-1/2

[Event "36th Reykjavik op"]
[Site "Reykjavik ISL"]
[Date "2023.04.04"]
[Round "9.108"]
[White "Briem, Gudrun Fanney"]
[Black "Alashtar, Aasef"]
[WhiteElo "1503"]
[BlackElo "2007"]
[Result "0-1"]
[EventDate "2023.03.29"]
[PlyCount "74"]

1. d4 e6 2. Bf4 c5 3. e3 Qb6 4. Nc3 a6 5. Rb1 cxd4 6. Qxd4 Qxd4 7. exd4 Bb4 8. Bxb8
Rxb8 9. a3 Be7 10. Nf3 Nf6 11. Bd3 b5 12. b4 Bb7 13. Ke2 O-O 14. Rhg1 Rfc8 15. Nd1
Nd5 16. Kd2 Nf4 17. Ne1 Rc7 18. Ne3 Rbc8 19. Rb3 Bf6 20. c3 Nd5 21. Nd1 Nb6 22. Nf3
Na4 23. Ne5 Bd5 24. Rb1 d6 25. Ng4 Bg5+ 26. Nge3 Nxc3 27. Nxc3 Rxc3 28. h4 Bxh4 29.
Nxd5 exd5 30. Rh1 Bg5+ 31. f4 Bxf4+ 32. Ke2 Re8+ 33. Kf3 Rxd3+ 34. Kxf4 Re4+ 35.
Kf5 Rdxd4 36. Rbe1 Rf4+ 37. Kg5 f6+  0-1

[Event "36th Reykjavik op"]
[Site "Reykjavik ISL"]
[Date "2023.04.04"]
[Round "9.109"]
[White "Mensing, Adrian"]
[Black "Arian, Tomer"]
[WhiteElo "2005"]
[BlackElo "1644"]
[Result "1-0"]
[EventDate "2023.03.29"]
[PlyCount "79"]

1. e4 c6 2. d4 d5 3. e5 c5 4. dxc5 e6 5. a3 Bxc5 6. b4 Be7 7. Nf3 Nd7 8. Bb2 a5 9.
c4 dxc4 10. Bxc4 axb4 11. O-O bxa3 12. Nxa3 Nh6 13. Qc2 O-O 14. Bd3 f5 15. exf6 Nxf6
16. Rfe1 Qe8 17. Nc4 Rxa1 18. Rxa1 Bd7 19. Bc1 Nf5 20. Nce5 Nd5 21. Qb3 Bc6 22. Bd2
Bd6 23. Re1 h6 24. h3 Rf6 25. Ng4 Rf8 26. Bxf5 Rxf5 27. Nd4 Rf7 28. Rxe6 Qd7 29.
Rg6 Kf8 30. Qb1 Ne7 31. Ne6+ Ke8 32. Nxg7+ Kd8 33. Ne6+ Kc8 34. Rxh6 Bh2+ 35. Kh1
Qxd2 36. Rh8+ Kd7 37. Rd8+ Kxe6 38. Rxd2 Bd6 39. Qe1+ Kd7 40. Ne5+  1-0

[Event "36th Reykjavik op"]
[Site "Reykjavik ISL"]
[Date "2023.04.04"]
[Round "9.110"]
[White "Kalla, Christian"]
[Black "Adams, George"]
[WhiteElo "1994"]
[BlackElo "1604"]
[Result "1/2-1/2"]
[EventDate "2023.03.29"]
[PlyCount "37"]

1. e4 c5 2. c3 d5 3. exd5 Qxd5 4. d4 Nc6 5. Nf3 Bg4 6. Be2 cxd4 7. cxd4 e6 8. Nc3
Qa5 9. O-O Nf6 10. a3 Bd6 11. h3 Bh5 12. Be3 O-O 13. Qb3 Ne7 14. Qb5 Qxb5 15. Nxb5
Rfd8 16. Nxd6 Rxd6 17. g4 Bg6 18. Ne5 Ned5 (18... Nfd5 19. Bd2 Nc6 20. Nxc6 Rxc6
21. Rac1 Rac8 22. Rxc6 Rxc6 23. Rc1 Rxc1+ 24. Bxc1 Bc2 25. f4 f5 26. Kf2 g6 27. Bc4)
19. Bd2  1/2-1/2